| Tag |
First Indicator |
Second Indicator |
Subfields |
| LEADER |
00000cam a2200000 4500 |
| 001 |
in00000261421 |
| 005 |
20151010053930.0 |
| 008 |
750911s1964 okuabc b 00000 eng |
| 010 |
|
|
|a 64020765
|
| 035 |
|
|
|a (OCoLC)01616677
|
| 035 |
|
|
|9 ABC6219AM
|
| 040 |
|
|
|a DLC
|c FBA
|d TXA
|d UtOrBLW
|
| 049 |
|
|
|a TXAM
|c [451237]
|
| 050 |
0 |
0 |
|a F880
|b .I75
|
| 082 |
0 |
|
|a 917.8
|
| 100 |
1 |
|
|a Irving, Washington,
|d 1783-1859.
|
| 245 |
1 |
0 |
|a Astoria ;
|b or, Ancedotes of an enterprise beyond the Rocky Mountains.
|
| 250 |
|
|
|a [New Ed.]
|b Edited and with an introd. by Edgeley W. Todd.
|
| 264 |
|
1 |
|a Norman :
|b University of Oklahoma Press,
|c [1964]
|
| 300 |
|
|
|a xiix, 556 pages :
|b illustrations maps, portraits ;
|c 25 cm.
|
| 336 |
|
|
|a text
|b txt
|2 rdacontent
|
| 337 |
|
|
|a unmediated
|b n
|2 rdamedia
|
| 338 |
|
|
|a volume
|b nc
|2 rdacarrier
|
| 490 |
1 |
|
|a The American exploration and travel series,
|v 44
|
| 504 |
|
|
|a "Editor's bibliography": pages 524-534.
|
| 650 |
|
0 |
|a Fur trade
|z Oregon.
|
| 650 |
|
0 |
|a Voyages to the Pacific coast.
|
| 650 |
|
0 |
|a Overland journeys to the Pacific.
|
| 651 |
|
0 |
|a Astoria (Or.)
|
| 651 |
|
0 |
|a Northwestern States
|x Description and travel.
|
| 700 |
1 |
|
|a Todd, Edgeley W.
|
| 830 |
|
0 |
|a American exploration and travel series ;
|v v. 44.
|
| 999 |
|
|
|a MARS
|
| 999 |
f |
f |
|s 79392804-d1de-3939-b1d2-ef06b80a14b7
|i 0640a200-3239-3f85-aba2-bfc9bbba8a31
|t 0
|
| 952 |
f |
f |
|p ric
|a Texas A&M University
|b Rellis Campus
|c Joint Library Facility
|d Remote Storage
|t 0
|e F880 .I75
|h Library of Congress classification
|i unmediated -- volume
|m A14802326213
|
| 998 |
f |
f |
|a F880 .I75
|t 0
|l Remote Storage
|